All'amore assente /

Uloženo v:
Podrobná bibliografie
Další autoři: Adriatico, Andrea, (1966- )
Médium: Video
Jazyk:italština
Vydáno: Bologna : Cinemare, [2007]
Tagy: Přidat tag
Žádné tagy, Buďte první, kdo vytvoří štítek k tomuto záznamu!

MARC

LEADER 00000ngm a22000007i 4500
001 IT\ICCU\USM\1751315
003 ItRI
005 20260124182914.0
008 080605s2007 it |||||||||||||||k|||||c
040 |b ita 
041 7 |a ita  |2 ISO-639-2 
245 0 0 |a All'amore assente /  |c un film di Andrea Adriatico. 
260 |a Bologna :  |b Cinemare,  |c [2007] 
300 |a 1 DVD video (98 min.) +  |e 1 fascicolo ; 19 cm. 
700 1 |a Adriatico, Andrea,  |d  (1966- )  |0 IT\ICCU\RAVV\540714 
942 |2 ddc  |c VM  |n 0 
952 |0 0  |1 0  |4 0  |6 VO_1753_000000000000000  |7 0  |9 27855  |a BO  |b BO  |d 2026-01-24  |i 13665  |l 0  |o VO 1753  |p BO13665  |r 2026-01-24 18:29:14  |w 2026-01-24  |x [Sebina 5] [1 dvd]  |y VM  |z 1 dvd 
999 |c 23616  |d 23616